|
|
|
|
| LEADER |
00000cam a2200000 7i4500 |
| 001 |
0000003330 |
| 005 |
20050823.0 |
| 020 |
0 |
0 |
|a 9812548238
|
| 090 |
0 |
0 |
|a 659.2
|b BAH
|
| 100 |
1 |
0 |
|a Bahtiar Mohamad
|
| 245 |
1 |
0 |
|a Perhubungan awam :
|b amalan dan strategi
|c Bahtiar Mohamad, Hassan Abu Bakar, Saidathul Nizah Mat Tazin
|
| 260 |
0 |
0 |
|a Kuala Lumpur :
|b Thomson Learning ,
|c 2005
|
| 300 |
|
|
|a vii, 245ms. :
|b il. ;
|c 28cm.
|
| 650 |
0 |
0 |
|a Mass media and business
|
| 650 |
0 |
0 |
|a Public relations
|
| 700 |
1 |
1 |
|a Hassan Abu Bakar
|
| 700 |
1 |
1 |
|a Saidathul Nizah Mat Tazin
|
| 999 |
|
|
|a 0000006276
|b Monograph
|c Open Shelf
|e Default branch
|